|
|
|
|
| LEADER |
00000cam a2200000 4500 |
| 001 |
vtls011757534 |
| 003 |
SK-MaSNL |
| 005 |
20260301100020.0 |
| 008 |
200205s2018 xo g n 100 0 slo |
| 015 |
|
|
|a SNBA2018/07
|
| 020 |
|
|
|a 9788097298203
|q (brožované)
|
| 035 |
|
|
|a urn:nbn:sk:snk-am00d8pn
|
| 035 |
|
|
|a urn:nbn:sk:snk-am3htgv
|
| 035 |
|
|
|a 2BC5D6F3-8ACB-40F4-8548-26BAF0A9D2C5
|
| 040 |
|
|
|a SNK
|b slo
|c SNK
|e rda
|
| 041 |
0 |
|
|a slo
|b eng
|
| 044 |
|
|
|a xo
|c SK
|
| 072 |
|
7 |
|a 347.9
|x Občianske súdne konanie. Súdnictvo
|2 konspekt
|
| 080 |
|
|
|a 364-78
|2 2011
|
| 080 |
|
|
|a 347.996
|2 2011
|
| 080 |
|
|
|a 347.61/.64
|2 2011
|
| 080 |
|
|
|a (062.534)
|2 2011
|
| 111 |
2 |
|
|a Mediátor ako súčasť interdisciplinárnej spolupráce pri riešení rodinných sporov
|d (2018 :
|c Bratislava, Slovensko)
|4 aut
|9 432222
|
| 245 |
0 |
0 |
|a Mediátor ako súčasť interdisciplinárnej spolupráce pri riešení rodinných sporov
|b zborník príspevkov a odborných textov z medzinárodnej vedeckej konferencie konanej v Bratislave, 16.-17. februára 2018
|c František Kutlík (ed.)
|
| 250 |
|
|
|a Vydanie prvé
|
| 264 |
|
1 |
|a [Bratislava]
|b Asociácia rodinných mediátorov Slovenska
|b Vysoká škola zdravotníctva a sociálnej práce sv. Alžbety, n.o.
|b Slovenský inštitút pre mediáciu a mimosúdne riešenie sporov
|c 2018
|
| 300 |
|
|
|a 187 strán
|c 21 cm
|
| 336 |
|
|
|a text
|b txt
|2 rdacontent
|
| 337 |
|
|
|a bez média
|b n
|2 rdamedia
|
| 338 |
|
|
|a zväzok
|b nc
|2 rdacarrier
|
| 366 |
|
|
|e 100 kusov
|
| 500 |
|
|
|a Miesto vydania podľa NA ISBN
|
| 504 |
|
|
|a Obsahuje bibliografiu ; bibliografické odkazy
|
| 546 |
|
|
|a Anglické resumé
|
| 650 |
0 |
7 |
|a mediácia
|2 SNKPH
|9 25067
|
| 650 |
0 |
7 |
|a alternatívne riešenie sporov
|2 SNKPH
|9 100696
|
| 650 |
0 |
7 |
|a rodinné právo
|2 SNKPH
|9 2246
|
| 650 |
0 |
7 |
|a Mediation
|2 SNKPHeng
|9 319341
|
| 650 |
0 |
7 |
|a Alternative dispute resolution
|2 SNKPHeng
|9 359606
|
| 650 |
0 |
7 |
|a Family law
|2 SNKPHeng
|9 312991
|
| 655 |
|
7 |
|a zborníky konferencií
|2 SNKPH
|9 70153
|
| 655 |
|
7 |
|a Proceedings of conferences
|2 SNKPHeng
|9 265791
|
| 700 |
1 |
|
|a Kutlík, František
|c (mediátor)
|4 edt
|9 179410
|
| 919 |
|
|
|a 978-80-972982-0-3
|
| 958 |
|
|
|a NB
|
| 999 |
|
|
|c 684924
|d 686854
|
| 952 |
|
|
|a SNK
|b SNK
|y PREZ
|7 0
|p 17A1331011
|o snkSC 179544
|i snk2018/11061
|8 0
|0 0
|1 0
|4 0
|d 2018-05-21
|f 1
|l 0
|r 2026-02-23 20:09:18
|w 2026-02-23
|
| 952 |
|
|
|a SNK
|b SNK
|y VYP
|7 0
|p 17A1331012
|o snkSC 179544 D1
|i snk2018/11062
|8 0
|0 0
|1 0
|4 0
|d 2018-05-21
|l 0
|r 2026-02-23 20:09:18
|w 2026-02-23
|